00630nam a2200181 i 450000100060000000300090000600500170001500700030003200800410003510000490007624500740012525000150019926000320021430000310024685200320027799900170030995201220032672425ES-MaACL20250704063114.0t|040901s1968 sp ||||1| spa d1 aGironella, José María,d1917-200395729810aConversaciones con Don Juan de Borbón / cJosé María Gironella. a[1ª ed.]. aMadrid : bAguado, c[1968] a82 p., 4 lám. ; c20 cm. aES-MaACLjC-34133 bR.64906 c72425d72425 00104070aATENEOMbATENEOMcDEPO2d2008-01-17eSCl0oC-34133p1075823r2023-02-23 00:00:00w2023-02-23yMONOGRAFIA